صلاة المصلين على سيد المرسلين من الأولياء والعلماء والعارفين : (رقم التسجيلة. 77159)

تفاصيل مارك
000 -الفاتح
عناصر البيانات ثابتة الطول 00802cam a2200181 i 4500
005 - تاريخ ووقت آخر معاملة
حقل ضبط 20251116103741.0
008 - عناصر البيانات ثابتة الطول
عناصر البيانات ثابتة الطول 250721q9999 sy gr 000 0 ara d
082 14 - رقم تصنيف ديوي العشري
رقم التصنيف 210/كنج
100 1# - مدخل رئيسي – اسم شخصي
الاسم الشخصي الكنج، عبد الرزاق.
علاقة الشخص بالعمل/ دوره مؤلف.
245 10 - بيان العنوان
العنوان صلاة المصلين على سيد المرسلين من الأولياء والعلماء والعارفين :
بقية العنوان مع فضل الصلاة على رسول الله صل الله عليه وسلم /
بيان المسؤولية بقلم عبدالرحمن الكنج.
264 31 - بيانات النشر، التوزيع…إلخ
مكان النشر، التوزيع...إلخ حلب :
اسم الناشر، الموزع...إلخ [غير معرف]،
تاريخ النشر، التوزيع...إلخ [بين1990و 2000].
300 ## - الوصف المادي
عدد الوحدات المكونة للوعاء 207 صفحة.
650 17 - مدخل إضافي بالموضوع - مصطلح موضوعي
مصطلح موضوعي أو اسم جغرافي كعنصر مدخل الإسلام.
650 17 - مدخل إضافي بالموضوع - مصطلح موضوعي
مصطلح موضوعي أو اسم جغرافي كعنصر مدخل الصلاة على رسول الله صلى الله عليه و سلم.
650 17 - مدخل إضافي بالموضوع - مصطلح موضوعي
مصطلح موضوعي أو اسم جغرافي كعنصر مدخل الأدعية.
942 ## - بيانات إضافية (كوها)
نوع التنصيف Dewey Decimal Classification
نوع المادة (كوها) كتب
المقتنيات
حالة السحب حالة الفقدان مصدر التصنيف حالة التلف غير قابل للإعارة المكتبة الرئيسية المكتبة الحالية موقع الرف تاريخ التزويد الرقم المتسلسل Total Checkouts رقم الإستدعاء الباركود تاريخ آخر ظهور تاريخ الفاتورة نوع المادة (كوها)
    Dewey Decimal Classification     المكتبة المركزية المكتبة المركزية الإعارة 06/07/2004 406087   210 / ك ن ج 406087 28/07/2025 06/07/2004 كتب
    Dewey Decimal Classification Unchecked   مكتبة أبو علندا العامة مكتبة أبو علندا العامة الإعارة 06/07/2004 406105   210/كنج   28/07/2025 06/07/2004 كتب
    Dewey Decimal Classification Unchecked   مكتبة أم قصير والمقابلين العامة مكتبة أم قصير والمقابلين العامة الإعارة 06/07/2004 406104   210/كنج   28/07/2025 06/07/2004 كتب
    Dewey Decimal Classification Unchecked   مكتبة الأميرة ايمان العامة مكتبة الأميرة ايمان العامة الإعارة 06/07/2004 406096   210/كنج   28/07/2025 06/07/2004 كتب
    Dewey Decimal Classification     مكتبة الجويدة مكتبة الجويدة الإعارة 06/07/2004 406100   210/كنج 406100 28/07/2025 06/07/2004 كتب
    Dewey Decimal Classification     مكتبة الحسن العامة مكتبة الحسن العامة الإعارة 06/07/2004 406101   210/كنج 406101 28/07/2025 06/07/2004 كتب
    Dewey Decimal Classification     مكتبة حمزة العامة مكتبة حمزة العامة الإعارة 06/07/2004 406102   210/كنج 406102 28/07/2025 06/07/2004 كتب
    Dewey Decimal Classification     مكتبة صويلح العامة مكتبة صويلح العامة الإعارة 06/07/2004 406097   210/كنج 406097 28/07/2025 06/07/2004 كتب
    Dewey Decimal Classification Unchecked   مكتبة وادي السير العامة مكتبة وادي السير العامة الإعارة 06/07/2004 406106   210/كنج   28/07/2025 06/07/2004 كتب
Implemented & Customized by: BBB with SCIT (Smart Chains for Information Technology)

Powered by Koha